|
|
|
|
| LEADER |
02294nam a2200337 4500 |
| 001 |
c000187959 |
| 003 |
CARM |
| 005 |
20050915190056.0 |
| 008 |
791002s1930 stkabf b 000 0 eng |
| 010 |
|
|
|a 30024550
|
| 019 |
1 |
|
|a 28524168
|5 LACONCORD2021
|
| 035 |
|
|
|a (OCoLC)5456823
|5 LACONCORD2021
|
| 040 |
|
|
|a DLC
|b eng
|c COO
|d VU
|
| 050 |
0 |
0 |
|a QE326
|b .G85
|
| 100 |
1 |
|
|a Gregory, John Walter,
|d 1864-,
|e ed.
|
| 245 |
0 |
0 |
|a Reports on geological collections from the coastlands of Kenya Colony made by Miss M. McKinnon Wood,
|c with introduction by J. W. Gregory.
|
| 260 |
|
|
|a Glasgow,
|b Jackson, Wylie and co.,
|c 1930.
|
| 300 |
|
|
|a 4 p. ., 232 p.
|b illus., xxiv pl. (incl. maps)
|c 31 x 25 cm.
|
| 490 |
0 |
|
|a Monographs of the Geological department of the Hunterian museum, Glasgow university. IV.
|
| 500 |
|
|
|a Half-title: Glasgow university publications. XVII.
|
| 500 |
|
|
|a Index of famileis, genera, subgenera, and species described [by Ethel D. Currie]
|
| 504 |
|
|
|a Bibliography: p. 99-100, 167-168.
|
| 505 |
0 |
|
|a Introduction, by J. W. Gregory.--Reference list of localities, by Meta M. Wood.--The Jurassic ammonite faunas of the neighbourhood of Mombasa, by L. F. Spath.--Mesozoic Brachiopoda and Mollusca from Mombasa, by John Weir.--Miocene Mollusca, by L. R. Cox.--Pliocene Mollusca, by L. R. Cox.--Post-Pliocene Mollusca, by L. R. Cox.--Some Kainozoic Cheilostomata, by H. D. Thomas.--The Echinoidea in the McKinnon Wood collection, by Ethel D. Currie.--The fossil corals of Kenya Colony collected by Miss McKinnon Wood, by J. W. Gregory.--On some Kainozoic Foraminifera and a Trassic ostracod collected by Miss McKinnon Wood from Kenya Colony, by Mary Latham.--Preliminary report on fossil plants collected in Kenya Colony, by S. Williams.--Igneous rocks in Miss McKinnon Wood's East African collection, by Agnes Neilson.--The stratigraphy of the Kenya coastlands, by Meta M. Wood.--
|
| 650 |
|
0 |
|a Geology
|z Kenya.
|
| 650 |
|
0 |
|a Paleontology
|z Kenya.
|
| 650 |
|
0 |
|a Paleobotany
|z Kenya.
|
| 700 |
1 |
|
|a Wood, Meta McKinnon.
|
| 852 |
8 |
|
|b CARM
|h A2:AP24F0
|i E01739
|p 0251871
|f BK
|
| 082 |
0 |
4 |
|a 560.9676
|
| 999 |
f |
f |
|i 4a93aaad-f869-5287-9b6f-a4ac1d20c0be
|s d5d86077-f847-5b90-beef-9b1ec1160023
|
| 952 |
f |
f |
|p Can circulate
|a CAVAL
|b CAVAL
|c CAVAL
|d CARM 1 Store
|e E01739
|f A2:AP24F0
|h Other scheme
|i book
|m 0251871
|